000 01346nam a22003617a 4500
001 444
003 FISKH
005 20251117101215.0
008 230421b cb ||||| |||| 00| 0 eng d
010 _a 98030100
020 _a0531301338 (trade : alk. paper)
020 _a9780439551892
040 _aDLC
_cDLC
_dDLC
_dFISKH
_beng
042 _alcac
050 0 0 _aPZ7.L5215
_bJan 1999
082 0 0 _a813.54
_221
100 1 _aLe Guin, Ursula K.,
_d1929-2018.
245 1 0 _aJane on her own :
_ba catwings tale /
_cby Ursula K. Le Guin ; illustrations by S.D. Schindler.
260 _aNew York :
_bOrchard Books,
_c1999.
300 _a42 p. :
_bcol. ill. ;
_c19 cm.
505 _aM
520 _aWhen Jane, a cat with wings, leaves the safety of her farm to explore the world, she falls into the hands of a man who keeps her prisoner and exploits her for money.
521 8 _a700
_bLexile
521 8 _aM
_bRaz-Plus
650 1 _aCats
_vFiction.
655 7 _aFantasy fiction.
_2lcgft
655 7 _aAction and adventure fiction.
_2lcgft
700 1 _aSchindler, S. D.,
_eillustrator.
906 _a7
_bcbc
_corignew
_d1
_eocip
_f19
_gy-gencatlg
942 _2ddc
_cBK
_n0
999 _c444
_d444